Responses for show #7044 - Thursday, April 9, 2015

Kerry Greene game 7.

Contestants

Chris Hurt, an actor and grants analyst from New York, New York

Lindsey Love, an academic program coordinator from Eden, New York

Kerry Greene, a volunteer guardian ad litem from Manchester, New Hampshire (whose 6-day cash winnings total $146,598)

Jeopardy! Round responses

"L"ITERATURE
BARTENDING GLOSSARY
WHERE THE DEVIL?!
LIFESTYLES
DOUBLE TALK
THEIR TV ROLES THEN & NOW
    $200 6
Lolita

Lindsey
    $200 1
chaser

Kerry
    $200 11
Louisiana

Lindsey
    $200 21
Brooklyn

Kerry
    $200 16
putt-putt

Lindsey
    $200 26
Tim Allen

Kerry
    $400 7
Leaves of Grass

Chris
    $400 2
dirty

Kerry
    $400 12
Wyoming

Kerry
    $400 22
the raw food movement

Lindsey
    $400 17
win-win

Kerry
    $400 27
Danny DeVito

Kerry
    $600 8
Lancelot

Chris
    $1,000 3
a carafe

Kerry
    $600 13
Tennessee

Chris
    $600 23
the Amish

Kerry
    $600 18
"Monday Monday"

Chris
    $600 28
James Spader

Triple Stumper
    $800 9
a lament

Kerry
    $800 4
a muddler

Kerry
    $800 14
Montana

Chris
    $800 24
leisure

Lindsey
    $800 19
"Boom Boom"

Chris
    $800 29
Scott Bakula

Kerry
    $1000 10
Light in August

Triple Stumper
    $1000 5
(Alex: You've spent a lot of time in bars, I think.)
[Applause for Kerry's run of the category]
(Alex: I'm not sure that's, uh, what you want to publicize on Jeopardy!)

dry

Kerry
    $1000 15
Utah

Chris
    $1000 25
jam bands

Chris
    $1000 20
a dodo

Chris
    $1000 30
Debra Messing

Kerry

Scores at the first commercial break (after clue 15):

Kerry Lindsey Chris
$4,600 $400 $3,400

Scores at the end of the Jeopardy! Round:

Kerry Lindsey Chris
$8,200 $1,800 $6,800

Double Jeopardy! Round responses

13th CENTURY HIGHLIGHTS
HELENA BONHAM CARTER ROLES
AMERICAN ARTISTS
RHYMES WITH A GREAT LAKE
WHAT A COOL GADGET
JUST A FEW LITTLE BUGS
    $400 1
Genghis Khan

Chris
    $400 14
Les Misérables

Lindsey
    $400 2
(Alexander) Calder

Chris
    $400 7
(Chris: What is bleary?)

dreary

Chris
Triple Stumper
    $400 9
(Kerry: What's a remote control?)
(Alex: Be more specific.)
(Kerry: What is a Magic [*]?)

Wand

Kerry
    $400 19
silk

Chris
    $800 13
popes

Chris
    $800 15
Planet of the Apes

Lindsey
    $800 3
(Edward) Hopper

Chris
    $800 8
(Alex: You sense a theme here, guys? I mean... It's taken two clues.)

cheery

Triple Stumper
    $800 27
Speedo

Kerry
    $800 20
a praying mantis

Lindsey
    $2,500 24
(Alex: That's it, yes. The Stone of [*].)

Scone

Chris
    $1200 16
The King's Speech

Kerry
    $1200 4
Bob Kane

Triple Stumper
    $1200 10
leery

Chris
    $1200 28
Polaroid

Lindsey
    $1200 21
the tsetse fly

Kerry
    $1600 25
Francis of Assisi

Lindsey
    $1600 17
the Red Queen

Kerry
    $1600 5
Whistler

Triple Stumper
    $1600 11
(Kerry: What's an inquiry?)

query

KerryLindsey
    $1600 29
Fitbit

Kerry
    $1600 22
temperature

Chris
    $2000 26
the Sorbonne

Triple Stumper
    $2000 18
Bellatrix Lestrange

Kerry
    $4,000 6
Winslow Homer

Chris
    $2000 12
bleary

Lindsey
    $2000 30
Oculus

Triple Stumper
    $2000 23
the Japanese beetle

Triple Stumper

Scores at the end of the Double Jeopardy! Round:

Kerry Lindsey Chris
$15,400 $10,200 $18,500

[wagering suggestions for these scores]

Final Jeopardy! Round responses

REFERENCE WORKS
(Alex: [To Lindsey] ...by William Strunk Jr., later revised by E.B. White.)
...
(Alex: ...way to go, Kerry. We'll see you in our Tournament of Champions...)
LindseyWhat is the Elements of Style?
$8,501
KerryWhat is The Style Guide?
$15,399
ChrisWhat is The Elements of Style?
$12,301
The Elements of Style

Final scores:

Kerry Lindsey Chris
$1 $18,701 $30,801
3rd place: $1,000 2nd place: $2,000 New champion: $30,801

Game dynamics:

Coryat scores:

Kerry Lindsey Chris
$15,000 $10,200 $15,200
21 R
(including 1 DD),
1 W
12 R,
0 W
18 R
(including 2 DDs),
1 W

Combined Coryat: $40,400

The J! Archive is created by fans, for fans. The Jeopardy! game show and all elements thereof, including but not limited to copyright and trademark thereto, are the property of Jeopardy Productions, Inc. and are protected under law. This website is not affiliated with, sponsored by, or operated by Jeopardy Productions, Inc. Join the discussion at JBoard.tv.